Central Library OPAC University of Rajshahi

Economic development and structural change / (Record no. 42612)

MARC details
000 -LEADER
fixed length control field 01084nam a2200277 a 4500
001 - CONTROL NUMBER
control field 42612
003 - CONTROL NUMBER IDENTIFIER
rucl marc code (BD-RJUL)
005 - DATE AND TIME OF LATEST TRANSACTION
control field 20211209053551.0
008 - FIXED-LENGTH DATA ELEMENTS--GENERAL INFORMATION
fixed length control field 160614s1969 stkab 101 0 eng
020 ## - INTERNATIONAL STANDARD BOOK NUMBER
International Standard Book Number 0852240538
035 ## - SYSTEM CONTROL NUMBER
System control number (BD-RJUL) 42730
040 ## - CATALOGING SOURCE
Original cataloging agency DLC
Transcribing agency DLC
Modifying agency m.c
-- (BD-RJUL)
Language of cataloging eng
041 ## - LANGUAGE CODE
Language code of text/sound track or separate title eng
082 ## - DEWEY DECIMAL CLASSIFICATION NUMBER
Edition number 23
Classification number 338.911724
Author mark and year ECO 1989
111 2# - MAIN ENTRY--MEETING NAME
Meeting name or jurisdiction name as entry element International Seminar on Problems of Economic Development and Structural Change
Date of meeting (1968 :
Location of meeting University of Edinburgh)
9 (RLIN) 131004
245 o0 - TITLE STATEMENT
Title Economic development and structural change /
Statement of responsibility, etc. edited by I. G. Stewart
260 ## - PUBLICATION, DISTRIBUTION, ETC. (IMPRINT)
Place of publication, distribution, etc. Edinburgh :
Name of publisher, distributor, etc. University Press,
Date of publication, distribution, etc. 1969
300 ## - PHYSICAL DESCRIPTION
Pagination 193 p. :
Illustrations ill. ;
Size 23 cm
500 ## - GENERAL NOTE
General note "Held by the Dept. of Economics in the University of Edinburgh."
650 #0 - SUBJECT ADDED ENTRY--TOPICAL TERM
Topical term or geographic name as entry element Economic development
Form subdivision Congresses
9 (RLIN) 131005
Topical term or geographic name as entry element International economic relations
Form subdivision Congresses
9 (RLIN) 131006
651 #0 - SUBJECT ADDED ENTRY--GEOGRAPHIC NAME
Geographic name Developing countries
General subdivision Economic policy
-- Congresses
9 (RLIN) 131007
700 1# - ADDED ENTRY--PERSONAL NAME
Personal name Stewart, I. G.
710 2# - ADDED ENTRY--CORPORATE NAME
Corporate name or jurisdiction name as entry element University of Edinburgh.
Subordinate unit Department of Economics.
9 (RLIN) 131009
942 ## - ADDED ENTRY ELEMENTS (KOHA)
Source of classification or shelving scheme Dewey Decimal Classification
Koha item type Books
Holdings
Lost status Source of classification or shelving scheme Damaged status Not for loan Collection code Permanent Location Current Location Shelving location Date acquired Source of acquisition Cost, normal purchase price Total Checkouts Full call number Date last seen Copy number Koha item type
  Dewey Decimal Classification     Non-fiction Central Library, University of Rajshahi Central Library, University of Rajshahi   19/02/1971 Zeithlinger 50.00   338.911724 ECO 1989 14/06/2016 C-2 Books